000 00430nam a2200169Ia 4500
008 230524s9999 xx 000 0 und d
020 _a8186062262
082 _a415
_bROB
100 _aMairi Robinson
245 0 _aChambers 21st Century Dictionary
260 _aNEW DELHI
_bAllied Chambers
_c2005
300 _a1654
500 _aQuantity Number: 2
650 _aEnglish
700 _a George Davidson (Editors)
942 _cBK
999 _c4844
_d4844